Datum a čas kvízu

38 Celkem bodů Celkový počet nahraných bodů na tomto kvízu bez doplňovacích otázek.
5. Pořadí na kvízu Konečné umístění týmu na tomto kvízu.

Zaznamenané odpovědi

# Otázka Odpověď Body Výsledky
1. Minulý týden jsme se dozvěděli... Královská opera/ Royal Opera 0
2. Jistá evropská metropole se ro... Berlín 1
3. Hejtman Libereckého kraje Mart... Jan Schmid 1
4. Jeden z nejznámějších snímků d... D) Sloupy stvoření 1
5. V neděli večer se hrálo další... 4:0 1
6. Ve výběru tohoto tématu na vás... FK Teplice 1
7. Filmy často vznikají podle kni... Piráti z Karibiku 0
8. Poznejte podle indicií film, j... Hotel Modrá hvězda, Nataša Gollová 1
9. Napište název snímku režiséra... Rudá volavka (Red Sparrow) 1
10. Černá kočka, bílý kocour je bl... Emir Kusturica 1